HRM v přípravě klastru

Strategické priemyselné zóny a klastre. Zlínsky kláster.

Salvato in:
Dettagli Bibliografici
Autore principale: Kruliš, Vladimír
Natura: Capitolo di libro
Lingua:ceco
Soggetti:
Tags: Aggiungi Tag
Nessun Tag, puoi essere il primo ad aggiungerne!!

MARC

LEADER 00000naa$a2200000$$$4500
001 0112001
005 20231011094329.6
041 0 |a cze 
044 |a SK 
245 1 0 |a HRM v přípravě klastru  |c Vladimír Kruliš 
520 |a Strategické priemyselné zóny a klastre. Zlínsky kláster. 
610 2 0 |a riadenie ľudských zdrojov 
610 2 0 |a parky priemyselné 
610 2 0 |a psychológia 
610 2 0 |a Česko 
610 2 0 |a klaster 
100 1 |a Kruliš, Vladimír